[Event "ODJM A 2019"]
[Site "Willingen GER"]
[Date "2019.06.10"]
[Round "3"]
[White "Kolb, Tobias"]
[Black "Knudsen, Simon"]
[Result "1/2-1/2"]
[Termination "normal"]
[Board "8"]
[WhiteElo "1915"]
[BlackElo "2166"]
[WhiteClock "00:20:59"]
[BlackClock "00:41:33"]
[PlyCount "64"]
[WhiteFideId "12992321"]
[BlackFideId "12985546"]
[EventCountry "GER"]
[EventRounds "9"]
[EventType "swiss"]
[EventDate "2019.06.08"]

1. e4 g6 2. Nc3 Bg7 3. g3 c5 4. Bg2 Nc6 5. d3 d6 6. Be3 e5 7. Qd2 Nd4 8. Nd1
Ne7 9. c3 Ndc6 10. Bh6 O-O 11. Bxg7 Kxg7 12. Ne2 d5 13. exd5 Nxd5 14. O-O Bf5
15. d4 cxd4 16. cxd4 exd4 17. Nxd4 Nxd4 18. Qxd4+ Nf6 19. Qxd8 Raxd8 20. Ne3
Be6 21. b3 b6 22. Rfd1 Rxd1+ 23. Rxd1 Rc8 24. Bf3 Kf8 25. Kf1 Ke7 26. Ke2 Rc5
27. Rd2 Rc1 28. Rc2 Rxc2+ 29. Nxc2 Nd5 30. Bxd5 Bxd5 31. Ke3 Kd6 32. Kd4 Be6
1/2-1/2

[Event "ODJM A 2019"]
[Site "Willingen GER"]
[Date "2019.06.10"]
[Round "3"]
[White "Weber, Samuel"]
[Black "Brunner, Tobias"]
[Result "1/2-1/2"]
[Termination "normal"]
[Board "9"]
[WhiteElo "2160"]
[BlackElo "2017"]
[WhiteClock "00:09:36"]
[BlackClock "00:16:19"]
[PlyCount "128"]
[WhiteFideId "12924008"]
[BlackFideId "12949833"]
[EventCountry "GER"]
[EventRounds "9"]
[EventType "swiss"]
[EventDate "2019.06.08"]

1. c4 e5 2. g3 Nc6 3. Bg2 f5 4. Nc3 Nf6 5. d3 Bc5 6. e3 d6 7. Nge2 O-O 8. O-O
a6 9. a3 Qe8 10. b4 Ba7 11. b5 axb5 12. Nxb5 Bb6 13. Rb1 Qe7 14. Nec3 Kh8 15.
Na4 Ba5 16. Nac3 Nd8 17. Nd5 Nxd5 18. cxd5 Bd7 19. Qc2 Bxb5 20. Rxb5 Bb6 21. a4
Ra5 22. Qc4 Qd7 23. Bd2 Rxb5 24. axb5 Nf7 25. Ra1 Nh6 26. h3 Ng8 27. Ra4 Ne7
28. d4 exd4 29. exd4 Ng6 30. h4 Qf7 31. h5 Ne7 32. Bf3 h6 33. Kg2 f4 34. g4 Qf6
35. Qe2 Qg5 36. Qe4 g6 37. hxg6 Nxg6 38. Kf1 Nh4 39. Bd1 Qg6 40. Bc2 Qxe4 41.
Bxe4 Kg7 42. f3 Ng6 43. Ke2 Ne7 44. Kd3 Kg8 45. Ra1 Kg7 46. Kc4 Ng8 47. Bd3 Ne7
48. Re1 Ng6 49. Re6 Nh4 50. Be4 Rf7 51. Be1 Ng2 52. Rg6+ Kf8 53. Bd2 Ne3+ 54.
Kd3 Nf1 55. Be1 Rh7 56. Bh4 Ng3 57. Rf6+ Rf7 58. Rxh6 Nxe4 59. Rh8+ Kg7 60. Rb8
Nf6 61. Kc4 Nd7 62. Re8 Ba5 63. Kd3 Nf6 64. Rb8 Nd7 1/2-1/2

[Event "ODJM A 2019"]
[Site "Willingen GER"]
[Date "2019.06.10"]
[Round "3"]
[White "Ronge, Tim"]
[Black "Gerlach, Felix"]
[Result "0-1"]
[Termination "normal"]
[Board "10"]
[WhiteElo "2143"]
[BlackElo "2079"]
[WhiteClock "00:16:23"]
[BlackClock "00:04:40"]
[PlyCount "164"]
[WhiteFideId "12955418"]
[BlackFideId "12957690"]
[EventCountry "GER"]
[EventRounds "9"]
[EventType "swiss"]
[EventDate "2019.06.08"]

1. d4 Nf6 2. c4 c5 3. d5 e6 4. Nc3 exd5 5. cxd5 d6 6. e4 g6 7. Nge2 Bg7 8. Ng3
h5 9. Be2 O-O 10. O-O a6 11. a4 h4 12. Nh1 Nh7 13. Be3 Nd7 14. f3 Qe7 15. Qd2
Ne5 16. Nf2 f5 17. exf5 Bxf5 18. Nfe4 Rae8 19. Bh6 Bxh6 20. Qxh6 Nf7 21. Qd2
Nfg5 22. Rae1 Bxe4 23. Bd3 Qg7 24. Bxe4 Qd4+ 25. Qxd4 cxd4 26. Nb1 Nxe4 27.
fxe4 Rxf1+ 28. Kxf1 Nf6 29. Nd2 Ng4 30. Nc4 Rd8 31. Ke2 Nxh2 32. Kd3 g5 33.
Kxd4 Ng4 34. Rf1 Kg7 35. a5 Kg6 36. Rf3 Nf6 37. Re3 g4 38. Nd2 Rh8 39. Re2 h3
40. gxh3 gxh3 41. Nf3 Ng4 42. Rc2 h2 43. Nxh2 Rxh2 44. Rc7 Rxb2 45. Rd7 Rb4+
46. Kc3 Rb5 47. Rxd6+ Kg5 48. Rd7 Kf4 49. d6 Kxe4 50. Re7+ Ne5 51. d7 Rd5 52.
d8=Q Rxd8 53. Rxb7 Rd5 54. Rb4+ Ke3 55. Rb6 Rxa5 56. Kb4 Ra1 57. Re6 Kd4 58.
Rd6+ Ke4 59. Kc5 Rc1+ 60. Kb4 Rc6 61. Rd8 Nd3+ 62. Ka5 Nc5 63. Rd1 Nb3+ 64. Kb4
Nd4 65. Ka5 Nb3+ 66. Kb4 Rb6+ 67. Ka3 Nc5 68. Ka2 Nd3 69. Ka3 Ke3 70. Ka4 Ke2
71. Ka5 Rc6 72. Rb1 Ne5 73. Ka4 Kd2 74. Rh1 Nd3 75. Ka5 Kc2 76. Rh8 Kc3 77. Rh4
Rd6 78. Rg4 Ne5 79. Rg8 Nc6+ 80. Ka4 Rd4+ 81. Ka3 a5 82. Rc8 Rc4 0-1

[Event "ODJM A 2019"]
[Site "Willingen GER"]
[Date "2019.06.10"]
[Round "3"]
[White "Behringer, Tom"]
[Black "Hartmann, Jakob"]
[Result "0-1"]
[Termination "normal"]
[Board "11"]
[WhiteElo "1766"]
[BlackElo "2144"]
[WhiteClock "00:28:51"]
[BlackClock "00:31:03"]
[PlyCount "84"]
[WhiteFideId "16203496"]
[BlackFideId "12918067"]
[EventCountry "GER"]
[EventRounds "9"]
[EventType "swiss"]
[EventDate "2019.06.08"]

1. d4 d5 2. c4 e6 3. Nc3 c6 4. Nf3 dxc4 5. a4 Bb4 6. e3 b5 7. Bd2 a5 8. axb5
Bxc3 9. Bxc3 cxb5 10. b3 Bb7 11. bxc4 b4 12. Bb2 Nf6 13. Bd3 O-O 14. O-O Nbd7
15. Nd2 Qc7 16. f3 e5 17. Bc2 Rfe8 18. Ba4 Bc6 19. Re1 exd4 20. Bxd4 Bxa4 21.
Qxa4 Nc5 22. Qc2 Nfd7 23. Nb3 Nxb3 24. Qxb3 Nc5 25. Bxc5 Qxc5 26. Ra2 h6 27.
Kf2 Red8 28. Rc1 Rd6 29. Rca1 Qc7 30. Kg1 Rc6 31. Rc1 Rc5 32. Rd2 Qb6 33. Rb1
Qe6 34. Rd4 a4 35. Qd3 b3 36. Ra1 Rcc8 37. Qc3 Qb6 38. Qb2 a3 39. Rxa3 Rxa3 40.
Rg4 g6 41. Rh4 Qxe3+ 42. Kf1 Ra2 0-1

[Event "ODJM A 2019"]
[Site "Willingen GER"]
[Date "2019.06.10"]
[Round "3"]
[White "Ortmeier, Leonhard"]
[Black "Grund, Sebastian"]
[Result "1-0"]
[Termination "normal"]
[Board "12"]
[WhiteElo "2140"]
[BlackElo "2051"]
[WhiteClock "00:58:51"]
[BlackClock "01:04:06"]
[PlyCount "35"]
[WhiteFideId "12993662"]
[BlackFideId "12988626"]
[EventCountry "GER"]
[EventRounds "9"]
[EventType "swiss"]
[EventDate "2019.06.08"]

1. Nf3 Nf6 2. c4 g6 3. g3 c5 4. Nc3 Bg7 5. Bg2 O-O 6. O-O d5 7. Nxd5 Nxd5 8.
cxd5 Qxd5 9. d3 e5 10. Be3 Nd7 11. Qa4 a6 12. Rac1 Rb8 13. Ng5 Qd6 14. Ne4 Qe7
15. Nxc5 Rd8 16. Ne4 b5 17. Qb3 Nb6 18. Bg5 1-0

[Event "ODJM A 2019"]
[Site "Willingen GER"]
[Date "2019.06.10"]
[Round "3"]
[White "Dietz, Florian"]
[Black "Schrepp, Florian"]
[Result "1-0"]
[Termination "normal"]
[Board "13"]
[WhiteElo "2139"]
[BlackElo "1922"]
[WhiteClock "00:11:35"]
[BlackClock "00:26:26"]
[PlyCount "47"]
[WhiteFideId "12939897"]
[BlackFideId "16239709"]
[EventCountry "GER"]
[EventRounds "9"]
[EventType "swiss"]
[EventDate "2019.06.08"]

1. e4 g6 2. d4 Bg7 3. Nc3 d6 4. Nf3 Nc6 5. d5 Ne5 6. Nxe5 Bxe5 7. Be3 e6 8.
dxe6 Bxe6 9. Qd2 f5 10. exf5 Bxf5 11. Bc4 c6 12. f4 Bf6 13. O-O-O d5 14. Qe2
Kf8 15. g4 Bd7 16. g5 Bxc3 17. bxc3 Ne7 18. Bc5 Kf7 19. Qe5 dxc4 20. Qf6+ Kg8
21. Bxe7 Qe8 22. Rhe1 Bg4 23. Bc5 Qf7 24. Rd8+ 1-0

[Event "ODJM A 2019"]
[Site "Willingen GER"]
[Date "2019.06.10"]
[Round "3"]
[White "Teichert, Felix"]
[Black "Stemmler, Fabian"]
[Result "1/2-1/2"]
[Termination "normal"]
[Board "14"]
[WhiteElo "2027"]
[BlackElo "2002"]
[WhiteClock "00:23:40"]
[BlackClock "00:24:47"]
[PlyCount "41"]
[WhiteFideId "12987670"]
[BlackFideId "12964808"]
[EventCountry "GER"]
[EventRounds "9"]
[EventType "swiss"]
[EventDate "2019.06.08"]

1. d4 d5 2. c4 e6 3. Nf3 Nf6 4. g3 dxc4 5. Bg2 Nc6 6. O-O Rb8 7. a4 Be7 8. Na3
Na5 9. Bg5 h6 10. Bxf6 Bxf6 11. Qc2 c5 12. dxc5 Qc7 13. Rab1 Be7 14. Rfc1 Nb3
15. Rd1 Qxc5 16. Nxc4 Na5 17. Rbc1 Nxc4 18. Qxc4 Qxc4 19. Rxc4 O-O 20. Rc7 Bd8
21. Rc4 1/2-1/2

[Event "ODJM A 2019"]
[Site "Willingen GER"]
[Date "2019.06.10"]
[Round "3"]
[White "Garbuz, Vitaly"]
[Black "Baumann, Marcel"]
[Result "1-0"]
[Termination "normal"]
[Board "15"]
[WhiteElo "2051"]
[BlackElo "1866"]
[WhiteClock "00:01:08"]
[BlackClock "00:10:56"]
[PlyCount "63"]
[WhiteFideId "12990710"]
[BlackFideId "12974668"]
[EventCountry "GER"]
[EventRounds "9"]
[EventType "swiss"]
[EventDate "2019.06.08"]

1. e4 d5 2. exd5 Nf6 3. d4 Bg4 4. Nf3 Qxd5 5. Be2 Nc6 6. c4 Qd7 7. Be3 e6 8.
Nc3 Be7 9. O-O Bxf3 10. Bxf3 O-O-O 11. Qa4 Nxd4 12. Qxa7 Nxf3+ 13. gxf3 Qc6 14.
Rfd1 Qa6 15. Qxa6 bxa6 16. Ne2 Kb7 17. Nd4 Nd7 18. f4 Bf6 19. Nb3 Nb6 20. Na5+
Kc8 21. Rxd8+ Rxd8 22. Nc6 Rd7 23. Rc1 Bxb2 24. Rc2 Bf6 25. Kg2 Rd6 26. Na7+
Kb7 27. c5 Rd3 28. cxb6 cxb6 29. Nc6 b5 30. Na5+ Kb8 31. Rc6 Ra3 32. Rxa6 1-0

[Event "ODJM A 2019"]
[Site "Willingen GER"]
[Date "2019.06.10"]
[Round "3"]
[White "Reinecke, Katharina"]
[Black "von Estorff, Jacob"]
[Result "1/2-1/2"]
[Termination "normal"]
[Board "16"]
[WhiteElo "1846"]
[BlackElo "2041"]
[WhiteClock "00:31:55"]
[BlackClock "01:07:24"]
[PlyCount "43"]
[WhiteFideId "12929727"]
[BlackFideId "12974501"]
[EventCountry "GER"]
[EventRounds "9"]
[EventType "swiss"]
[EventDate "2019.06.08"]

1. d4 Nf6 2. c4 g6 3. Nf3 Bg7 4. g3 O-O 5. Bg2 c6 6. O-O d5 7. b3 Ne4 8. Bb2
Nd7 9. Nbd2 f5 10. cxd5 cxd5 11. Rc1 b6 12. Ne5 Nxe5 13. dxe5 Nxd2 14. Qxd2 Bb7
15. Rc2 e6 16. Rfc1 Rc8 17. Rxc8 Bxc8 18. Ba3 Re8 19. f4 Ba6 20. Bd6 Bf8 21.
Bxf8 Rxf8 22. Rc6 1/2-1/2

[Event "ODJM A 2019"]
[Site "Willingen GER"]
[Date "2019.06.10"]
[Round "3"]
[White "Oberhofer, Cedric"]
[Black "Helmer, Jan"]
[Result "1-0"]
[Termination "normal"]
[Board "17"]
[WhiteElo "2243"]
[BlackElo "1900"]
[PlyCount "43"]
[WhiteFideId "12941220"]
[BlackFideId "12956686"]
[EventCountry "GER"]
[EventRounds "9"]
[EventType "swiss"]
[EventDate "2019.06.08"]

1. e4 e6 2. d3 d5 3. Nd2 Nf6 4. Ngf3 c5 5. g3 Nc6 6. Bg2 Be7 7. O-O O-O 8. e5
Nd7 9. Re1 f6 10. exf6 Nxf6 11. Nf1 Bd6 12. c4 dxc4 13. dxc4 e5 14. Bg5 Qc7 15.
Ne3 Be6 16. Nh4 Ne7 17. Qe2 h6 18. Bxf6 gxf6 19. Qh5 Kg7 20. Be4 Qc8 21. Rad1
Bc7 22. Nef5+ 1-0

[Event "ODJM A 2019"]
[Site "Willingen GER"]
[Date "2019.06.10"]
[Round "3"]
[White "Wanner, Lukas"]
[Black "Weber, Jannis"]
[Result "1/2-1/2"]
[Termination "normal"]
[Board "18"]
[WhiteElo "2099"]
[BlackElo "1889"]
[PlyCount "47"]
[WhiteFideId "12918148"]
[BlackFideId "12990760"]
[EventCountry "GER"]
[EventRounds "9"]
[EventType "swiss"]
[EventDate "2019.06.08"]

1. c4 c5 2. g3 g6 3. Bg2 Bg7 4. Nc3 Nc6 5. a3 e6 6. b4 Nxb4 7. axb4 cxb4 8. d4
bxc3 9. e3 Ne7 10. Ne2 d5 11. c5 O-O 12. Nxc3 Bd7 13. O-O Bc6 14. Ba3 Qd7 15.
Qc2 Rfb8 16. Rfb1 Nc8 17. Bf1 b6 18. cxb6 axb6 19. Qb3 Nd6 20. Bxd6 Qxd6 21.
Rxa8 Bxa8 22. Nb5 Qd7 23. Ra1 Qd8 24. Ra7 1/2-1/2

[Event "ODJM A 2019"]
[Site "Willingen GER"]
[Date "2019.06.10"]
[Round "3"]
[White "Wachinger, David"]
[Black "Reucker, Friedrich"]
[Result "1-0"]
[Termination "normal"]
[Board "19"]
[WhiteElo "2066"]
[BlackElo "1939"]
[PlyCount "77"]
[WhiteFideId "24692689"]
[BlackFideId "12993670"]
[EventCountry "GER"]
[EventRounds "9"]
[EventType "swiss"]
[EventDate "2019.06.08"]

1. d4 Nf6 2. c4 e6 3. Nc3 d5 4. cxd5 exd5 5. Bg5 Nbd7 6. e3 Be7 7. Bd3 O-O 8.
Nge2 c6 9. Qc2 Re8 10. O-O h6 11. Bh4 Ne4 12. Bxe7 Qxe7 13. Rae1 Ndf6 14. f3
Nxc3 15. Nxc3 Be6 16. Kh1 c5 17. dxc5 Qxc5 18. Nb5 Qxc2 19. Bxc2 Rec8 20. Bb3
Bd7 21. Nd4 Re8 22. Kg1 Bc6 23. Kf2 Nd7 24. Rd1 Nc5 25. Bc2 a5 26. Rd2 Rad8 27.
Rc1 Ne6 28. Nxc6 bxc6 29. Ba4 d4 30. e4 Re7 31. Rxc6 Rb7 32. Bb3 Nf4 33. g3
Nh3+ 34. Kg2 Ng5 35. h4 Nh7 36. Ra6 Rb5 37. Ra7 Nf6 38. Bxf7+ Kh8 39. Rc7 1-0

[Event "ODJM A 2019"]
[Site "Willingen GER"]
[Date "2019.06.10"]
[Round "3"]
[White "Brockmeyer, Tobias"]
[Black "Dette, Jan"]
[Result "1/2-1/2"]
[Termination "normal"]
[Board "20"]
[WhiteElo "1896"]
[BlackElo "2116"]
[PlyCount "55"]
[WhiteFideId "12982385"]
[BlackFideId "12936677"]
[EventCountry "GER"]
[EventRounds "9"]
[EventType "swiss"]
[EventDate "2019.06.08"]

1. d4 e6 2. c4 f5 3. Nf3 Nf6 4. Bf4 b6 5. e3 Bb7 6. Be2 Be7 7. h3 O-O 8. O-O
Ne4 9. Nbd2 Nxd2 10. Qxd2 d6 11. Rfd1 Nd7 12. Rac1 a5 13. b3 Bf6 14. a3 Qe7 15.
b4 axb4 16. axb4 Rfd8 17. Qc2 e5 18. Bh2 Be4 19. Qb3 c5 20. dxc5 dxc5 21. b5
Ra7 22. Nd2 Bb7 23. Ra1 Rxa1 24. Rxa1 Nf8 25. Rd1 Ng6 26. Nb1 Rxd1+ 27. Qxd1
Qd8 28. Qxd8+ 1/2-1/2

[Event "ODJM A 2019"]
[Site "Willingen GER"]
[Date "2019.06.10"]
[Round "3"]
[White "Reimer, Philip"]
[Black "Bargsten, Justus"]
[Result "1-0"]
[Termination "normal"]
[Board "22"]
[WhiteElo "1891"]
[BlackElo "1980"]
[PlyCount "49"]
[WhiteFideId "16235860"]
[BlackFideId "12974188"]
[EventCountry "GER"]
[EventRounds "9"]
[EventType "swiss"]
[EventDate "2019.06.08"]

1. d4 Nf6 2. Bf4 d6 3. c4 Nbd7 4. Nf3 g6 5. Nc3 Bg7 6. e3 O-O 7. h3 Re8 8. Be2
e5 9. dxe5 dxe5 10. Nxe5 c6 11. Nf3 Nh5 12. Bh2 Bxc3+ 13. bxc3 Qa5 14. Qb3 c5
15. O-O Nhf6 16. Rfd1 Ne4 17. Rac1 Re6 18. Nd2 Ndf6 19. Nxe4 Nxe4 20. Bf3 f5
21. Qb5 Qxa2 22. Bxe4 Rxe4 23. Rd8+ Kf7 24. Rxc8 Rxc8 25. Qxb7+ 1-0

[Event "ODJM A 2019"]
[Site "Willingen GER"]
[Date "2019.06.10"]
[Round "3"]
[White "Gorainow, Nikita"]
[Black "Müller, Magnus"]
[Result "1/2-1/2"]
[Termination "normal"]
[Board "23"]
[WhiteElo "1923"]
[BlackElo "1837"]
[PlyCount "41"]
[WhiteFideId "12970093"]
[BlackFideId "16230060"]
[EventCountry "GER"]
[EventRounds "9"]
[EventType "swiss"]
[EventDate "2019.06.08"]

1. e4 e5 2. Nf3 Nc6 3. Bc4 Bc5 4. O-O Nf6 5. d3 O-O 6. a4 d5 7. exd5 Nxd5 8.
Nbd2 Bg4 9. h3 Bh5 10. Ne4 Be7 11. Ng3 Bg6 12. Re1 Qd7 13. Bg5 Bxg5 14. Nxg5
Nb6 15. Bb5 a6 16. Bxc6 Qxc6 17. Nf3 f6 18. Nh4 Rad8 19. Qg4 Kf7 20. Nxg6 hxg6
21. a5 1/2-1/2

[Event "ODJM A 2019"]
[Site "Willingen GER"]
[Date "2019.06.10"]
[Round "3"]
[White "Mainka, Alwin"]
[Black "Leser, Katrin"]
[Result "1-0"]
[Termination "normal"]
[Board "24"]
[WhiteElo "1833"]
[BlackElo "2036"]
[PlyCount "95"]
[WhiteFideId "16241177"]
[BlackFideId "12997692"]
[EventCountry "GER"]
[EventRounds "9"]
[EventType "swiss"]
[EventDate "2019.06.08"]

1. e4 e5 2. Nf3 Nc6 3. Bb5 a6 4. Ba4 Nf6 5. O-O Be7 6. Re1 b5 7. Bb3 O-O 8. d3
Bb7 9. c3 h6 10. Nbd2 Re8 11. Nf1 Bf8 12. Ng3 Na5 13. Bc2 c5 14. Qe2 d5 15. Bd2
dxe4 16. dxe4 Nc4 17. b3 Nxd2 18. Nxd2 Qc7 19. c4 Bc6 20. f3 Red8 21. Nf5 Qa5
22. Red1 Nh5 23. g3 g6 24. Ne3 Ng7 25. Nd5 Ne6 26. Qe3 Nd4 27. Bd3 b4 28. Nf6+
Kh8 29. Ng4 h5 30. Nxe5 Be8 31. f4 Bg7 32. Nef3 Nxf3+ 33. Nxf3 Bxa1 34. Rxa1
Ra7 35. f5 Kg7 36. e5 Rad7 37. f6+ Kh7 38. Ng5+ Kg8 39. Be2 Qc7 40. Nf3 Kh7 41.
g4 Rd4 42. Nxd4 Rxd4 43. gxh5 Qd7 44. hxg6+ fxg6 45. e6 Qc7 46. Rf1 Rh4 47. Qg3
Qxg3+ 48. hxg3 1-0

[Event "ODJM A 2019"]
[Site "Willingen GER"]
[Date "2019.06.10"]
[Round "3"]
[White "Askerov, Imamali"]
[Black "Recktenwald, Cedric"]
[Result "0-1"]
[Termination "normal"]
[Board "25"]
[WhiteElo "1986"]
[BlackElo "1839"]
[PlyCount "94"]
[WhiteFideId "12974498"]
[BlackFideId "12971928"]
[EventCountry "GER"]
[EventRounds "9"]
[EventType "swiss"]
[EventDate "2019.06.08"]

1. e4 c6 2. d4 d5 3. Nc3 dxe4 4. Nxe4 Bf5 5. Ng3 Bg6 6. N1e2 Nf6 7. Nf4 Nbd7 8.
Bc4 e5 9. Nxg6 hxg6 10. O-O exd4 11. Qxd4 Bc5 12. Re1+ Kf8 13. Qf4 Nb6 14. Bb3
Nbd5 15. Qf3 Qb6 16. h3 a5 17. a3 a4 18. Bc4 Rh4 19. Bd3 Rd4 20. Re2 Nc7 21.
Rb1 Rd7 22. Bg5 Kg8 23. b4 Bd4 24. Bc4 Ncd5 25. Bd2 Qa7 26. Rbe1 Rad8 27. Ne4
Nxe4 28. Qxe4 Nc3 29. Bxc3 Bxc3 30. Rf1 Bf6 31. Qxg6 Qd4 32. Qe4 Qb2 33. Bd3 g6
34. Qg4 Kg7 35. Re3 Rd4 36. Qf3 Bg5 37. Re4 Qxa3 38. Rfe1 Qxb4 39. h4 Bxh4 40.
g3 Bf6 41. Re8 a3 42. Qh1 Rxe8 43. Rxe8 Qb1+ 44. Bf1 Qxf1+ 45. Kxf1 Rd1+ 46.
Re1 Rxe1+ 47. Kxe1 a2 0-1

[Event "ODJM A 2019"]
[Site "Willingen GER"]
[Date "2019.06.10"]
[Round "3"]
[White "Beesk, Kevin"]
[Black "Zha, Kevin"]
[Result "1-0"]
[Termination "normal"]
[Board "26"]
[WhiteElo "1935"]
[BlackElo "1764"]
[PlyCount "87"]
[WhiteFideId "1271882"]
[BlackFideId "16208951"]
[EventCountry "GER"]
[EventRounds "9"]
[EventType "swiss"]
[EventDate "2019.06.08"]

1. e4 g6 2. Nc3 Bg7 3. f4 d6 4. Nf3 Nf6 5. Bc4 O-O 6. d3 c6 7. Bb3 b5 8. a3 Qb6
9. Qe2 Nbd7 10. Be3 Qc7 11. O-O a6 12. Qe1 c5 13. Qh4 Nb6 14. f5 Bb7 15. fxg6
c4 16. gxf7+ Rxf7 17. Ba2 Bc8 18. Ng5 Rf8 19. Kh1 h6 20. Nf3 Kh7 21. h3 Bd7 22.
d4 Rae8 23. Rae1 e5 24. dxe5 dxe5 25. Bb1 Nc8 26. g4 Ne7 27. Qg3 Ng6 28. Nh4
Ne7 29. Nf5 Nxf5 30. gxf5 Re7 31. Bxh6 Qd8 32. Bg5 Bc6 33. Rg1 Ref7 34. Kh2 Bb7
35. Rd1 Qb6 36. Be3 Qc6 37. Qh4+ Kg8 38. Bh6 Nxe4 39. Bxg7 Rxg7 40. Rxg7+ Kxg7
41. Nxe4 Qxe4 42. Rd7+ Rf7 43. Qg5+ Kh8 44. Rd8+ 1-0

[Event "ODJM A 2019"]
[Site "Willingen GER"]
[Date "2019.06.10"]
[Round "3"]
[White "Uhlendorff, Luca"]
[Black "Schilay, Lorenz"]
[Result "0-1"]
[Termination "normal"]
[Board "27"]
[WhiteElo "1735"]
[BlackElo "1888"]
[PlyCount "114"]
[WhiteFideId "16221923"]
[BlackFideId "12930180"]
[EventCountry "GER"]
[EventRounds "9"]
[EventType "swiss"]
[EventDate "2019.06.08"]

1. d4 Nf6 2. Bf4 g6 3. Nc3 d5 4. e3 Bg7 5. h4 h5 6. Be2 c5 7. Nb5 Na6 8. c3 Qb6
9. a4 c4 10. b3 cxb3 11. Qxb3 O-O 12. c4 Qa5+ 13. Qc3 Qxc3+ 14. Nxc3 Nb4 15.
Kd2 dxc4 16. Bxc4 Bf5 17. f3 Rac8 18. Bb3 Rfd8 19. Nge2 Nc6 20. Ke1 Na5 21. Ba2
Bd3 22. Kf2 Bc4 23. Bxc4 Nxc4 24. Rhb1 b6 25. Nb5 Rd7 26. Rc1 Nd5 27. Na3 Nxf4
28. Nxf4 Nd6 29. Rxc8+ Nxc8 30. Rc1 Nd6 31. Nd3 Nf5 32. g3 Bh6 33. f4 Bg7 34.
Rc8+ Kh7 35. Nb5 a6 36. Rc7 Rd8 37. Na7 Ra8 38. Nc6 Bf6 39. Nde5 b5 40. a5 Kg7
41. Ra7 Rxa7 42. Nxa7 Bxe5 43. fxe5 b4 44. Ke2 b3 45. Kd2 Nxe3 46. Kc3 b2 47.
Kxb2 Nc4+ 48. Kc3 Nxa5 49. Kb4 Nb7 50. Nc6 e6 51. Ka4 f6 52. Nb8 fxe5 53. dxe5
Nc5+ 54. Ka5 Ne4 55. Nxa6 Nxg3 56. Nc5 Kf7 57. Ne4 Nxe4 0-1

[Event "ODJM A 2019"]
[Site "Willingen GER"]
[Date "2019.06.10"]
[Round "3"]
[White "Kotyk, Michael"]
[Black "Noever, Niklas"]
[Result "1-0"]
[Termination "normal"]
[Board "28"]
[WhiteElo "1966"]
[BlackElo "1762"]
[PlyCount "59"]
[WhiteFideId "16214501"]
[BlackFideId "12988642"]
[EventCountry "GER"]
[EventRounds "9"]
[EventType "swiss"]
[EventDate "2019.06.08"]

1. Nf3 c5 2. b3 Nf6 3. Bb2 g6 4. g3 Bg7 5. c4 e6 6. Bg2 O-O 7. O-O d5 8. cxd5
Nxd5 9. Bxg7 Kxg7 10. d4 cxd4 11. Qxd4+ Kg8 12. Rd1 Nc6 13. Qb2 Qa5 14. e4 Nde7
15. Na3 b5 16. Rac1 Bb7 17. Rc5 a6 18. Rdc1 Qb6 19. Qd2 Kg7 20. Qb2+ Kg8 21. b4
Rac8 22. Nc2 Rfd8 23. Ne3 Kf8 24. Qh8+ Ng8 25. Qxh7 Nf6 26. Qh6+ Ke7 27. Qg5 e5
28. Nd5+ Rxd5 29. exd5 Na7 30. Qxe5+ 1-0

[Event "ODJM A 2019"]
[Site "Willingen GER"]
[Date "2019.06.10"]
[Round "3"]
[White "Hagenbeck-Hübert, Lara"]
[Black "Hofmann, Lorenz"]
[Result "0-1"]
[Termination "normal"]
[Board "29"]
[WhiteElo "1861"]
[BlackElo "2002"]
[PlyCount "140"]
[WhiteFideId "12964484"]
[BlackFideId "12995509"]
[EventCountry "GER"]
[EventRounds "9"]
[EventType "swiss"]
[EventDate "2019.06.08"]

1. f4 e5 2. d4 exd4 3. Qxd4 Nc6 4. Qf2 Nf6 5. e3 Bc5 6. Bd3 Qe7 7. Qe2 d5 8.
Nc3 Bg4 9. Nf3 O-O-O 10. Bb5 Nb8 11. Na4 c6 12. Nxc5 Qxc5 13. Bd3 Ne4 14. O-O
Rhe8 15. Qe1 Nd7 16. a4 Bxf3 17. Rxf3 f5 18. b4 Qd6 19. Bb2 Re7 20. Bd4 Kb8 21.
a5 Ka8 22. Bxe4 fxe4 23. Rf2 Rf7 24. Qc3 Rg8 25. Raf1 Qe7 26. Qb3 Rd8 27. Ra1
g5 28. a6 b6 29. b5 Qd6 30. Be5 Qc5 31. Bd4 Qxb5 32. Qxb5 cxb5 33. Rb1 gxf4 34.
Rxf4 Rxf4 35. exf4 Nb8 36. Rxb5 Nxa6 37. f5 Nc7 38. Rb3 Kb7 39. g4 Rg8 40. Rg3
Nb5 41. Be5 Kc6 42. Kf2 d4 43. g5 Kd5 44. Bf6 Nd6 45. Rh3 e3+ 46. Ke2 Rc8 47.
Kd1 Ne4 48. Rxh7 Nxf6 49. gxf6 Rf8 50. Rd7+ Kc5 51. f7 a5 52. Ke2 a4 53. c3
dxc3 54. Kxe3 Kc4 55. Rc7+ Kb3 56. Rb7 Kc2 57. Rxb6 Rxf7 58. Ra6 Rxf5 59. Rxa4
Rh5 60. h4 Kb3 61. Ra8 Rxh4 62. Ke2 Kb2 63. Rb8+ Kc2 64. Rb7 Re4+ 65. Kf3 Re6
66. Rc7 Kd2 67. Rd7+ Kc1 68. Rc7 c2 69. Rc8 Rb6 70. Ke2 Kb2 0-1

[Event "ODJM A 2019"]
[Site "Willingen GER"]
[Date "2019.06.10"]
[Round "3"]
[White "Fistoul, Boris"]
[Black "Weigand, Anton"]
[Result "1-0"]
[Termination "normal"]
[Board "30"]
[WhiteElo "1918"]
[BlackElo "1889"]
[PlyCount "49"]
[WhiteFideId "12953962"]
[BlackFideId "16221915"]
[EventCountry "GER"]
[EventRounds "9"]
[EventType "swiss"]
[EventDate "2019.06.08"]

1. d4 e6 2. c4 b6 3. e4 Bb7 4. f3 d5 5. cxd5 exd5 6. e5 Nd7 7. Nc3 Bb4 8. a3
Bxc3+ 9. bxc3 c5 10. Bb5 c4 11. Ne2 a6 12. Ba4 b5 13. Bc2 Ne7 14. O-O Qb6 15.
Kh1 O-O 16. f4 f6 17. Ng3 f5 18. a4 g6 19. Ba3 Rf7 20. Bxe7 Rxe7 21. Bxf5 gxf5
22. Nxf5 Re6 23. Qg4+ Rg6 24. Ne7+ Kf7 25. Nxg6 1-0

[Event "ODJM A 2019"]
[Site "Willingen GER"]
[Date "2019.06.10"]
[Round "3"]
[White "Yaroshenko, Yaroslav"]
[Black "Schlick, Stefan"]
[Result "0-1"]
[Termination "normal"]
[Board "31"]
[WhiteElo "1761"]
[BlackElo "2017"]
[PlyCount "50"]
[WhiteFideId "16204905"]
[BlackFideId "16211332"]
[EventCountry "GER"]
[EventRounds "9"]
[EventType "swiss"]
[EventDate "2019.06.08"]

1. e4 Nc6 2. Nf3 e5 3. d4 exd4 4. Bc4 Bc5 5. c3 Nf6 6. e5 d5 7. exf6 dxc4 8.
O-O Qxf6 9. Re1+ Be6 10. Bg5 Qg6 11. cxd4 Nxd4 12. Re5 Nxf3+ 13. Qxf3 Bd4 14.
Rb5 O-O 15. Qf4 a6 16. Rb4 a5 17. Rxb7 Bc8 18. Rb5 c6 19. Qxd4 cxb5 20. f4 h6
21. Bh4 Bb7 22. Qf2 Qg4 23. Nc3 Rfe8 24. h3 Qf5 25. Rf1 b4 0-1